Представление документа в формате RUSMARC

ПолеНазваниеЗначение
  Тип записи a
  Библиографический уровень m
001 Контрольный номер e0582d7a725e4a94a8760707dfdb6a9d
005 Дата корректировки 20140623114847.2
010 Индекс ISBN __
a ISBN 5-87057-175-8
200 Заглавие и сведения об ответственности 1_
a Заглавие Внешнеэкономическая деятельность.Организация и техника внешнеторговых операций
e Сведения, относящиеся к заглавию Учеб.-практ.пособие
f Первые сведения об ответственности Грачев Ю.Н.
210 Выходные данные 1_
a Место издания М.
c Издательство Бизнес-школа"Интел-Синтез"
d Дата издания 2000
215 Физическое описание __
a Объем 544 с.
225 Серия 2_
a Серия Б-ка журн."Внешнеэкономический бюллетень"
610 Ключевые слова 0_
a Ключевые слова внешняя торговля России
610 Ключевые слова 0_
a Ключевые слова конъюктура товарного рынка
610 Ключевые слова 0_
a Ключевые слова контракт купли-продажи
610 Ключевые слова 0_
a Ключевые слова формы торговли
610 Ключевые слова 0_
a Ключевые слова международная торговля услугами
610 Ключевые слова 0_
a Ключевые слова бартер
610 Ключевые слова 0_
a Ключевые слова арендные операции
610 Ключевые слова 0_
a Ключевые слова лицензионная торговля
610 Ключевые слова 0_
a Ключевые слова оффшорный бизнес
610 Ключевые слова 0_
a Ключевые слова свободные экономические зоны
610 Ключевые слова 0_
a Ключевые слова транспортные операции
610 Ключевые слова 0_
a Ключевые слова реклама
610 Ключевые слова 0_
a Ключевые слова деловой этикет
610 Ключевые слова 0_
a Ключевые слова деловой протокол
686 Индексы других классификаций __
a Классификационный индекс 65.9(2)8
2 Код системы rubbk
686 Индексы других классификаций __
a Классификационный индекс 65.9(2)843
2 Код системы rubbk
700 Автор _1
a Фамилия Грачев Ю.Н.
801 Источник записи _0
a Страна RU
b Организация РУК
c Дата составления 20020325
g Правила каталогизации PSBO
801 Источник записи _1
a Страна RU
b Организация РУК
c Дата составления 20020325
g Правила каталогизации PSBO
852 Данные о местонахождении __
i Авторский знак Г78
j Шифр хранения ББК 65.9(2)8
901 Тип документа __
t Тип документа m
938 Служебная информация __
a Название организации Головной вуз
b Имя БД BOOK
c Название АИБС АИБС ИРБИС